000 00300nam a22001457a 4500
008 221025b ||||| |||| 00| 0 eng d
020 _a9780495827610
041 _aeng
080 _a573
082 _a573 STA
100 _a16.2
101 _aBIO
245 _aBIOLOGY
_cSTARR C
942 _2udc
_cBK
999 _c58677
_d58677